| 000 | 00824nam a2200229Ia 4500 | ||
|---|---|---|---|
| 003 | GCL | ||
| 008 | 140319s9999 xx 000 0 ara d | ||
| 040 |
_aGCL / _cGCL |
||
| 082 | 0 | 4 |
_a338.9 _bف م |
| 100 | 1 | _aقينان محمد طاهر | |
| 245 | 1 | 0 |
_aمشكلة نقل التكنولوجيا: دراسة لبعض الابعاد السياسية والاجتماعية / _cقينان محمد طاهر |
| 260 |
_a[S.N] : _bالهيئة المصرية العامة للكتاب ، _c1986 |
||
| 300 | _a251 ص | ||
| 490 | _a | ||
| 650 | 0 | 4 | _aالتنمية الاقتصادية |
| 650 | 0 | 4 | _aالتكنولوجيا |
| 650 | 0 | 4 | _aالجوانب الاجتماعية |
| 650 | 0 | 4 | _aالصناعات |
| 650 | 0 | 4 | _aالعلوم التطبيقية |
| 650 | 0 | 4 | _aالتكنولوجيا والدولة |
| 942 |
_2ddc _cBK |
||
| 999 |
_c27603 _d27603 |
||